00770nam a22001817a 4500003000900000008004100009040007100050082003100121100002200152245002800174260003600202300002600238505026500264650001300529650001200542650001300554700002100567AR-CdUCM190402b ||||| |||| 00| 0 spa d aMUNICIPALIDAD PROVINCIAL DEL CUSCOcBIBLIOTECA MUNICIPAL DEL CUSCO 23 ed.a759.5 /bV71 / 1954 aDavinci, Leonardo aTratado de la pintura / a Buenos Aires :bLosada,c1954. a396 paginas ;c28 cm. aContenido : Tratado de la pintura -- De si la pintura es o no ciencia -- Ejemplo y diferencia entre pintura y poesía -- De que ciencia es mas útil y de cual es su utilidad -- De las ciencias imitables y de como la pintura, siendo imitable, es ciencia ...  aPintura  aCiencia aTratados aPittaluga, Mario